Riconosci lo Stato - Quiz n°129 - Statistics

Statistiche generali
  • Questo quiz è stato fatto 27 volte
  • Il punteggio medio è 11 su 13
Statistiche sulle risposte
Indizio Risposta % Corretto
Iniziale della Capitale A
100%
Emiro Misha'al Al-Ahmad Al-Jaber Al Sabah
95%
Superficie 17 818 km²
91%
Indipendenza 19 giugno 1961 dal Regno Unito
91%
Forma di Governo Monarchia costituzionale (Emirato)
91%
Fuso Orario UTC+3
91%
Popolazione 4.420.110 ab.
86%
Valuta Dinaro
86%
Primo ministro Mohammad Sabah Al-Salem Al-Sabah
86%
PIL (nominale) 184 540 milioni di $
82%
ISU 0,760
73%
Tasso di crescita 1,883%
73%
Risposta Kuwait
64%
Nessun quiz corrispondente trovato
Distribuzione punteggi
Percentuale di utenti per punteggio
Percentile per numero di risposta
I tuoi punteggi nel tempo
Non hai fatto questo quiz